000 00301nam a2200097Ia 4500
008 220120s9999||||xx |||||||||||||| ||und||
100 _aJasna das, akshay p k, robin raj, jishma
_912759
245 0 _aOnline auction
260 _aCoorg Institute of Technology
_bPonnampet
_c2019
650 _aCOMPUTER SCIENCE
999 _c138359
_d138359